[Event "Reykjavik Open 2015"]
[Site "Reykjavik ISL"]
[Date "2015.03.13"]
[Round "5.22"]
[White "Idani, Pouya"]
[Black "Loos, Roland"]
[Result "1-0"]
[WhiteTitle "GM"]
[WhiteElo "2496"]
[BlackElo "2337"]
[WhiteFideId "12510130"]
[BlackFideId "4643232"]
[EventDate "2015.03.10"]

1. Nf3 d5 2. c4 c6 3. d4 e6 4. Qc2 f5 5. Bf4 Nf6 6. Nbd2 Be7 7. h3 O-O 8. e3 Ne4
9. Bd3 Nd7 10. g4 Ndf6 11. Rg1 Kh8 12. Rg2 dxc4 13. Nxc4 Nd5 14. Be5 Nb4 15. Qb1
Nxd3+ 16. Qxd3 Rf7 17. O-O-O Qd5 18. Rdg1 Bf8 19. Kb1 b5 20. Ncd2 c5 21. h4
Nxd2+ 22. Nxd2 Bb7 23. gxf5 exf5 24. Rg5 Qe6 25. Qxb5 Bd5 26. a3 c4 27. Qa5 Rc8
28. Qc3 Rb7 29. f3 Qd7 30. e4 fxe4 31. fxe4 1-0

[Event "Reykjavik Open 2015"]
[Site "Reykjavik ISL"]
[Date "2015.03.13"]
[Round "5.23"]
[White "Bisby, Daniel L"]
[Black "Kjartansson, Gudmundur"]
[Result "0-1"]
[WhiteTitle "FM"]
[BlackTitle "IM"]
[WhiteElo "2321"]
[BlackElo "2491"]
[WhiteFideId "404586"]
[BlackFideId "2301318"]
[EventDate "2015.03.10"]

1. e4 c6 2. d4 d5 3. Nc3 dxe4 4. Nxe4 Bf5 5. Ng3 Bg6 6. h4 h6 7. Nf3 Nd7 8. h5
Bh7 9. Bd3 Bxd3 10. Qxd3 e6 11. Bf4 Qa5+ 12. Bd2 Bb4 13. c3 Be7 14. O-O Ngf6 15.
Rfe1 O-O 16. b4 Qc7 17. Nf5 Bd6 18. Nxd6 Qxd6 19. Ne5 Nxe5 20. Rxe5 Ng4 21. Ree1
Qh2+ 22. Kf1 Qh1+ 23. Ke2 Qxg2 24. Qf3 Qxf3+ 25. Kxf3 Nf6 26. c4 Rfd8 27. Bc3
Nxh5 28. Rh1 Nf6 29. Rag1 Kf8 30. b5 cxb5 31. Bb4+ Ke8 32. Rxg7 bxc4 33. Rxh6
Nd5 34. Rhh7 Kd7 35. Rxf7+ Kc6 36. Rxb7 Rdb8 37. Rxb8 Rxb8 38. a3 a5 39. Bxa5
Rb3+ 40. Ke2 Rxa3 41. Bd2 Ra2 42. Kd1 c3 43. Bg5 Kb5 44. Rh6 Kc4 45. Rxe6 Kd3
46. Rc6 Ra1+ 47. Bc1 Nb4 0-1

[Event "Reykjavik Open 2015"]
[Site "Reykjavik ISL"]
[Date "2015.03.13"]
[Round "5.24"]
[White "Rombaldoni, Axel"]
[Black "Haldorsen, Benjamin"]
[Result "1-0"]
[WhiteTitle "GM"]
[WhiteElo "2488"]
[BlackElo "2307"]
[WhiteFideId "815837"]
[BlackFideId "1512633"]
[EventDate "2015.03.10"]

1. e4 c5 2. Nf3 d6 3. d4 cxd4 4. Nxd4 Nf6 5. f3 g6 6. c4 Bg7 7. Nc3 O-O 8. Be3
Nc6 9. Qd2 Bd7 10. Nc2 Rc8 11. Be2 Ne8 12. O-O Na5 13. Na3 b6 14. Rac1 Nc7 15.
Rfd1 Nb7 16. Nd5 Nxd5 17. cxd5 Nc5 18. Bb5 a6 19. Bxd7 Qxd7 20. Nc4 Qb5 21. b3
a5 22. Bg5 Rc7 23. Rc2 Qa6 24. Qe2 b5 25. Na3 Rfc8 26. Be3 b4 27. Qxa6 Nxa6 28.
Rxc7 Nxc7 29. Nc4 Nb5 30. Nxa5 Nc3 31. Rd2 Ra8 32. Nc6 Nxa2 33. Nxe7+ Kf8 34.
Nc6 Ke8 35. Rc2 Ra3 36. Bf4 Kd7 37. Nb8+ Kd8 38. Nc6+ Kd7 39. Nb8+ Kd8 40. Bxd6
Nc3 41. Nc6+ Kd7 42. Bxb4 Rxb3 43. Kf2 Nb5 44. Nb8+ Kd8 45. Ba5+ Ke7 46. Rc8
Bd4+ 47. Kg3 Be5+ 48. Kh4 Nd6 49. Nc6+ 1-0

[Event "Reykjavik Open 2015"]
[Site "Reykjavik ISL"]
[Date "2015.03.13"]
[Round "5.25"]
[White "Antal, Tibor Kende"]
[Black "Bekker-Jensen, Simon"]
[Result "1/2-1/2"]
[WhiteTitle "FM"]
[BlackTitle "IM"]
[WhiteElo "2317"]
[BlackElo "2462"]
[WhiteFideId "738581"]
[BlackFideId "1403613"]
[EventDate "2015.03.10"]

1. e4 c5 2. Nf3 d6 3. Bb5+ Nd7 4. O-O a6 5. Bxd7+ Bxd7 6. d4 cxd4 7. Qxd4 Rc8 8.
c4 e5 9. Qd3 b5 10. Nbd2 Nf6 11. b3 Be7 12. Ba3 Qb6 13. cxb5 axb5 14. Bb4 Be6
15. Rfc1 Ng4 16. Rxc8+ Bxc8 17. Rf1 Bb7 18. h3 Nf6 19. Rc1 Nd7 20. Qe3 Qxe3 21.
fxe3 Nc5 22. Nxe5 O-O 23. Bxc5 dxc5 24. a4 Rd8 25. Rc2 f6 26. Nef3 bxa4 27. bxa4
Ra8 28. Ra2 Ba6 29. Rc2 Rb8 30. e5 Rb4 31. exf6 gxf6 32. a5 Ra4 33. Rc3 Rxa5 34.
Nc4 Ra2 35. e4 Kf7 36. Nfd2 Ke6 37. Rb3 Bd8 38. Rc3 Ra4 39. Kf2 Bc7 40. Ke3 Bh2
41. Ra3 Bg1+ 42. Kf4 Rxa3 43. Nxa3 Bd4 44. Nac4 Bc3 45. Ke3 f5 46. exf5+ Kxf5
47. g4+ Ke6 48. h4 Kd5 49. Nb6+ Kc6 50. Nbc4 Kb5 51. Nd6+ Kb4 52. N2e4 Bd4+ 53.
Kf4 c4 54. Kg5 Be3+ 1/2-1/2

[Event "Reykjavik Open 2015"]
[Site "Reykjavik ISL"]
[Date "2015.03.13"]
[Round "5.26"]
[White "Tjomsland, Stig"]
[Black "Preotu, Razvan"]
[Result "0-1"]
[WhiteTitle "FM"]
[BlackTitle "IM"]
[WhiteElo "2300"]
[BlackElo "2447"]
[WhiteFideId "1501704"]
[BlackFideId "2613280"]
[EventDate "2015.03.10"]

1. d4 f5 2. Nf3 Nf6 3. g3 g6 4. Bg2 Bg7 5. O-O O-O 6. c4 d6 7. Nc3 c6 8. b3 Qa5
9. Bb2 e5 10. Qd2 Qc7 11. d5 e4 12. Ng5 Qe7 13. f3 e3 14. Qd3 Na6 15. f4 Nb4 16.
Qd1 h6 17. Nf3 c5 18. a3 Na6 19. Qd3 Ng4 20. Nd1 Bxb2 21. Nxb2 Nf2 22. Qc3 Bd7
23. Nd1 Nxd1 24. Raxd1 Rae8 25. Rd3 Qg7 26. Qxg7+ Kxg7 27. Ne1 b5 28. Rf3 bxc4
29. bxc4 Re4 30. Rfxe3 Rxc4 31. Rb3 Rf7 32. Rb7 Bc8 33. Rb5 Kf6 34. Ra5 Re7 35.
Kf2 Rxe3 36. Kxe3 Rc3+ 37. Kd2 Rb3 38. Kc2 Re3 39. Kd2 Re7 40. Nc2 Nb8 41. e3
Ba6 42. a4 g5 43. Bf3 Bf1 44. Na3 a6 45. Nb1 Nd7 46. Be2 Bxe2 47. Kxe2 Nb8 48.
Nd2 gxf4 49. gxf4 Rb7 50. e4 fxe4 51. Nxe4+ Ke7 52. f5 Rb6 53. Nd2 Rb4 54. Ke3
Kf6 55. Kd3 Kxf5 56. Nc4 Rxc4 57. Kxc4 Kf6 58. Rxc5 dxc5 59. Kxc5 Ke7 60. a5 Kd7
61. h3 h5 62. h4 Kc7 63. d6+ Kd7 0-1

[Event "Reykjavik Open 2015"]
[Site "Reykjavik ISL"]
[Date "2015.03.13"]
[Round "5.27"]
[White "Wege, Jochen"]
[Black "Petrov, Nikita"]
[Result "0-1"]
[WhiteTitle "FM"]
[BlackTitle "IM"]
[WhiteElo "2277"]
[BlackElo "2435"]
[WhiteFideId "4620488"]
[BlackFideId "4101286"]
[EventDate "2015.03.10"]

1. e4 c5 2. Nc3 e6 3. Nf3 a6 4. d4 cxd4 5. Nxd4 Qc7 6. Bd3 Nf6 7. Qe2 Bd6 8. g3
Nc6 9. Nxc6 dxc6 10. f4 e5 11. f5 b5 12. Bg5 Be7 13. a4 Bb7 14. O-O O-O 15. Bd2
Rad8 16. axb5 cxb5 17. Rae1 b4 18. Nb1 Bc5+ 19. Kg2 Rd4 20. Qf3 Qc6 21. Be3 Rxe4
22. Bxe4 Nxe4 23. Bxc5 Qxc5 24. Qe3 Ng5+ 25. Kf2 Qxc2+ 26. Nd2 Rd8 27. Rd1 h6
28. h4 Nf3 29. Ke2 e4 0-1

[Event "Reykjavik Open 2015"]
[Site "Reykjavik ISL"]
[Date "2015.03.13"]
[Round "5.28"]
[White "Niemann, Hans M"]
[Black "Wang, Yiye"]
[Result "0-1"]
[BlackTitle "IM"]
[WhiteElo "2275"]
[BlackElo "2433"]
[WhiteFideId "2093596"]
[BlackFideId "8606021"]
[EventDate "2015.03.10"]

1. d4 d5 2. c4 c6 3. Nf3 Nf6 4. Qc2 dxc4 5. Qxc4 Bf5 6. g3 Nbd7 7. Bg2 Nb6 8.
Qb3 Qd5 9. Nc3 Qxb3 10. axb3 e6 11. Ne5 Bb4 12. Nc4 O-O 13. Na5 Nbd5 14. Bd2
Rfc8 15. Nxb7 Rcb8 16. Nxd5 cxd5 17. Bxb4 Rxb7 18. Bc3 Rxb3 19. f3 Ne8 20. e4
Bg6 21. Ra5 Nd6 22. exd5 Nc4 23. Ra2 exd5 24. Kf2 Rab8 25. Re1 Nxb2 26. Bxb2
Rxb2+ 27. Rxb2 Rxb2+ 28. Re2 Rc2 29. Rxc2 Bxc2 30. Ke3 Kf8 31. Kd2 Ba4 32. Kc3
a5 33. Bf1 Ke7 34. Bd3 h6 35. Be2 Ke6 36. Kb2 g5 37. Kc3 Kd6 38. Kb2 Kc6 39. Kc3
Kb6 40. Kb2 Bb5 41. Bd1 Bf1 42. Ba4 Be2 43. f4 gxf4 44. gxf4 Bb5 45. Bb3 Kc6 46.
Kc3 Kd6 47. Bc2 Ke6 48. Bb1 Kf6 49. Bc2 Bd7 50. Bd3 Bf5 51. Be2 Bh3 52. Bh5 Be6
53. Kd3 a4 54. Kc3 Kf5 55. Kb4 Kxf4 56. Kxa4 Ke3 57. Kb3 f5 58. Kc2 f4 59. Kd1
f3 60. Be8 f2 61. Bb5 Bg4+ 62. Kc2 Be2 63. Bxe2 Kxe2 0-1

[Event "Reykjavik Open 2015"]
[Site "Reykjavik ISL"]
[Date "2015.03.13"]
[Round "5.29"]
[White "Bucher, Grant W"]
[Black "Thorhallsson, Throstur"]
[Result "1/2-1/2"]
[BlackTitle "GM"]
[WhiteElo "2087"]
[BlackElo "2428"]
[WhiteFideId "413810"]
[BlackFideId "2300109"]
[EventDate "2015.03.10"]

1. e4 c5 2. f4 d5 3. exd5 Nf6 4. Bb5+ Bd7 5. Bxd7+ Qxd7 6. c4 e6 7. Qe2 Bd6 8.
dxe6 fxe6 9. d3 Nc6 10. Nf3 O-O 11. O-O Rae8 12. Nc3 e5 13. f5 Qxf5 14. Bg5 Qg6
15. Bxf6 Rxf6 16. Nd5 Rff8 17. Rae1 Qh5 18. Qe4 Rf7 19. Qh4 Qg6 20. Qe4 Qh5 21.
Qh4 Qg6 22. Qe4 Qh5 23. Qe3 Qg6 24. Qe4 1/2-1/2

[Event "Reykjavik Open 2015"]
[Site "Reykjavik ISL"]
[Date "2015.03.13"]
[Round "5.30"]
[White "Prieto, Alberto"]
[Black "Sequera Paolini, Jose Rafael"]
[Result "0-1"]
[BlackTitle "IM"]
[WhiteElo "2045"]
[BlackElo "2408"]
[WhiteFideId "2083426"]
[BlackFideId "3900304"]
[EventDate "2015.03.10"]

1. f4 c5 2. Nf3 Nc6 3. g3 d6 4. Bg2 e5 5. d3 g6 6. O-O Bg7 7. Nc3 Nge7 8. e4 Bd7
9. Be3 Nd4 10. Ne2 Ba4 11. fxe5 dxe5 12. b3 Bb5 13. c4 Bd7 14. Nexd4 cxd4 15.
Bd2 O-O 16. Qc1 f6 17. h3 Be6 18. Bh6 g5 19. Bxg7 Kxg7 20. a3 a5 21. Ra2 h6 22.
Raf2 Qd7 23. Kh2 Ng6 24. Ng1 h5 25. Qd1 Rf7 26. Rf5 Rh8 27. R5f2 h4 28. g4 b5
29. Qd2 Ra8 30. Rc1 Qc6 31. Qb2 Rb7 32. Rfc2 bxc4 33. dxc4 Rab8 34. Nf3 Rxb3 35.
Nxd4 exd4 36. e5 Qc7 37. Qxd4 Qxe5+ 38. Qxe5 Nxe5 39. c5 Rb2 40. c6 Rxc2 41.
Rxc2 Nc4 42. a4 Rb2 43. Be4 Rxc2+ 44. Bxc2 Nb6 0-1

[Event "Reykjavik Open 2015"]
[Site "Reykjavik ISL"]
[Date "2015.03.13"]
[Round "5.31"]
[White "Kristjansson, Stefan"]
[Black "Valdimarsson, Einar"]
[Result "1-0"]
[WhiteTitle "GM"]
[WhiteElo "2482"]
[BlackElo "1889"]
[WhiteFideId "2301172"]
[BlackFideId "2304813"]
[EventDate "2015.03.10"]

1. e4 d6 2. d4 Nf6 3. Nc3 e5 4. Nf3 exd4 5. Nxd4 Be7 6. Bf4 O-O 7. Bd3 Re8 8.
O-O Nbd7 9. Re1 Ne5 10. Bf1 Bf8 11. h3 c6 12. Qd2 Qb6 13. Na4 Qc7 14. Bg5 Ng6
15. Bxf6 gxf6 16. Nc3 Kh8 17. Rad1 Bd7 18. a4 Rad8 19. Bc4 Bc8 20. Bb3 Re5 21.
Nf3 Rh5 22. Ne2 Bxh3 23. gxh3 Qd7 24. Ng3 Rxh3 25. Nd4 Bh6 26. Qc3 Qg4 27. Bxf7
Rh1+ 28. Kxh1 Qh3+ 29. Kg1 Nh4 30. Qf3 Nxf3+ 31. Nxf3 Rd7 32. Bc4 Bf4 33. Bf1
Qg4 34. Nh2 Qh4 35. Rd3 Rg7 36. Nf3 Qg4 37. Nd4 Rg8 38. Kg2 d5 39. exd5 cxd5 40.
Re7 Be5 41. Be2 Qf4 42. c3 h5 43. Bxh5 Rg5 44. Be2 Qh4 45. Nf3 Qe4 46. Kf1 Rxg3
47. fxg3 Kg8 48. Rxb7 Bxg3 49. Rb4 Qf5 50. Rxd5 Qh3+ 51. Kg1 Bf4 52. Rd8+ Kf7
53. Rb7+ Ke6 54. Nd4+ Ke5 55. Re7+ 1-0

[Event "Reykjavik Open 2015"]
[Site "Reykjavik ISL"]
[Date "2015.03.13"]
[Round "5.32"]
[White "Kochetkova, Julia"]
[Black "Jones, Gawain C B"]
[Result "0-1"]
[WhiteTitle "WGM"]
[BlackTitle "GM"]
[WhiteElo "2288"]
[BlackElo "2642"]
[WhiteFideId "4139690"]
[BlackFideId "409561"]
[EventDate "2015.03.10"]

1. e4 c5 2. Nf3 d6 3. d4 cxd4 4. Nxd4 Nf6 5. Nc3 g6 6. g3 Nc6 7. Nde2 Bd7 8. Bg2
Qc8 9. h3 Bg7 10. b3 Rb8 11. Bb2 O-O 12. Rb1 b5 13. Nd5 e5 14. Nxf6+ Bxf6 15.
O-O Be7 16. Kh2 b4 17. a4 Rb7 18. Bc1 Be6 19. f4 f5 20. exf5 gxf5 21. Bb2 Rc7
22. c4 Bf6 23. Qd2 Bg7 24. Rbe1 Rd8 25. fxe5 dxe5 26. Qg5 h6 27. Qh4 Rd6 28. Bc1
Qd8 29. Qh5 Ne7 30. Ng1 Bf7 31. Qe2 Rd3 32. Bd5 Rxd5 33. cxd5 Qxd5 34. Qd2 Qxd2+
35. Bxd2 Rc2 36. Re2 Nc6 37. Be3 Bxb3 38. Rxf5 Bxa4 39. Rff2 Rxe2 40. Nxe2 e4 0-1

[Event "Reykjavik Open 2015"]
[Site "Reykjavik ISL"]
[Date "2015.03.13"]
[Round "5.33"]
[White "Karason, Askell O"]
[Black "Grover, Sahaj"]
[Result "0-1"]
[BlackTitle "GM"]
[WhiteElo "2274"]
[BlackElo "2519"]
[WhiteFideId "2300567"]
[BlackFideId "5021103"]
[EventDate "2015.03.10"]

1. d4 d5 2. c4 c6 3. Nf3 Nf6 4. e3 Bg4 5. Qb3 Qc7 6. cxd5 Bxf3 7. gxf3 cxd5 8.
Bd2 e6 9. Na3 Nc6 10. Rc1 Be7 11. Bd3 O-O 12. Ke2 Bxa3 13. bxa3 e5 14. dxe5 Qxe5
15. Bc3 d4 16. Ba1 Qe7 17. Rxc6 bxc6 18. Bxd4 Rfd8 19. Qc4 Nd5 20. Rg1 g6 21.
Be4 Qxa3 22. h4 Rab8 23. Rg4 h5 24. Rg5 Rb4 25. Qxc6 Rxd4 26. exd4 Nf4+ 27. Kf1
Qxa2 28. Qc2 Qa1+ 29. Qb1 Qxd4 0-1

[Event "Reykjavik Open 2015"]
[Site "Reykjavik ISL"]
[Date "2015.03.13"]
[Round "5.34"]
[White "Galego, Luis"]
[Black "Poley, Vladimir"]
[Result "1-0"]
[WhiteTitle "GM"]
[BlackTitle "IM"]
[WhiteElo "2461"]
[BlackElo "2269"]
[WhiteFideId "1900072"]
[BlackFideId "13500090"]
[EventDate "2015.03.10"]

1. e4 c6 2. d3 d5 3. Nd2 Na6 4. Ngf3 g6 5. Be2 Bg7 6. O-O Nh6 7. d4 Nc7 8. c3
O-O 9. Re1 f6 10. Bf1 Nf7 11. h3 e6 12. c4 b6 13. b3 dxe4 14. Nxe4 c5 15. Ba3 f5
16. Ned2 cxd4 17. Bxf8 Qxf8 18. Rc1 e5 19. c5 bxc5 20. b4 e4 21. Rxc5 Ne6 22.
Rc1 exf3 23. Nxf3 Bd7 24. Bc4 Re8 25. Bxe6 Rxe6 26. Rxe6 Bxe6 27. Nxd4 Bxa2 28.
Nc6 Be6 29. Qe2 Ng5 30. h4 Ne4 31. f3 Bh6 32. Rd1 Qf6 33. fxe4 Bb3 34. Rd8+ Bf8
35. Qd3 Qxc6 36. Qxb3+ Kg7 37. Qb2+ Kf7 38. exf5 gxf5 39. Qb3+ Kg7 40. Qb2+ Kf7
41. Qa2+ Ke7 42. Rd1 Qb6+ 43. Qf2 Kf6 44. Qxb6+ axb6 45. b5 Ke5 46. Rd7 h6 47.
Kf2 Ke4 48. Ke2 Kf4 49. Rc7 Kg3 50. Kf1 Kxh4 51. Rc6 Bc5 52. Rxc5 bxc5 53. b6 1-0

[Event "Reykjavik Open 2015"]
[Site "Reykjavik ISL"]
[Date "2015.03.13"]
[Round "5.35"]
[White "Akesson, Ralf"]
[Black "Olafsson, Thorvardur"]
[Result "1/2-1/2"]
[WhiteTitle "GM"]
[WhiteElo "2456"]
[BlackElo "2230"]
[WhiteFideId "1700120"]
[BlackFideId "2301148"]
[EventDate "2015.03.10"]

1. Nf3 Nf6 2. c4 g6 3. Nc3 Bg7 4. e4 d6 5. d4 O-O 6. h3 e5 7. d5 a5 8. Bg5 Na6
9. Nd2 Qe8 10. Be2 Nd7 11. a3 Nb6 12. b3 f5 13. Rb1 Nc5 14. Be3 Nxe4 15. Ndxe4
fxe4 16. Qc2 Nd7 17. Nxe4 Nf6 18. g4 Nxe4 19. Qxe4 Bd7 20. h4 h5 21. f3 Kh7 22.
Rg1 hxg4 23. fxg4 Bh6 24. Bd3 Bxe3 25. Qxe3 e4 26. Bxe4 Qe5 27. h5 Kg7 28. Kd2
Rae8 29. Kd3 Rf4 30. Rbe1 Qg5 31. Qd2 Bxg4 32. Rgf1 Ref8 33. hxg6 Bf3 34. Kc2
Bxe4+ 35. Rxe4 Rxe4 36. Qxg5 Rxf1 37. Qh5 Rfe1 38. b4 a4 39. b5 Rxc4+ 40. Kd3
Rce4 41. Qh7+ Kf6 42. Qf7+ Kg5 43. g7 R1e3+ 1/2-1/2

[Event "Reykjavik Open 2015"]
[Site "Reykjavik ISL"]
[Date "2015.03.13"]
[Round "5.36"]
[White "Thorgeirsson, Jon Kristinn"]
[Black "Hamitevici, Vladimir"]
[Result "0-1"]
[BlackTitle "IM"]
[WhiteElo "2177"]
[BlackElo "2450"]
[WhiteFideId "2307731"]
[BlackFideId "13902393"]
[EventDate "2015.03.10"]

1. d4 Nf6 2. Nf3 b6 3. e3 Bb7 4. c4 e6 5. Bd3 Bb4+ 6. Bd2 c5 7. Bxb4 cxb4 8.
Nbd2 O-O 9. e4 d6 10. Qe2 Nc6 11. O-O e5 12. d5 Nb8 13. a3 Na6 14. c5 Nxc5 15.
axb4 Nxd3 16. Qxd3 a6 17. b5 a5 18. Nc4 Bxd5 19. exd5 e4 20. Qd4 exf3 21. Rfc1
Rb8 22. g4 Re8 23. Re1 Qd7 24. Re3 Rxe3 25. Nxe3 Re8 26. Qc4 Re4 27. Qc6 Rxg4+
28. Kf1 Rb4 29. Rc1 g6 30. Ke1 Rxb5 31. Qc4 Rc5 32. Qd4 Rxc1+ 33. Kd2 Rc8 34.
Qxf6 Qb5 0-1

[Event "Reykjavik Open 2015"]
[Site "Reykjavik ISL"]
[Date "2015.03.13"]
[Round "5.37"]
[White "Pulvett Marin, Daniel"]
[Black "Edvardsson, Kristjan"]
[Result "0-1"]
[WhiteTitle "IM"]
[WhiteElo "2434"]
[BlackElo "2176"]
[WhiteFideId "3900410"]
[BlackFideId "2300893"]
[EventDate "2015.03.10"]

1. d4 Nf6 2. Nf3 d5 3. c4 e6 4. Nc3 Be7 5. Bf4 O-O 6. a3 b6 7. cxd5 Nxd5 8. Bg3
Bb7 9. e3 c5 10. Bd3 cxd4 11. exd4 Nc6 12. O-O Rc8 13. Rc1 Nxc3 14. Rxc3 Bf6 15.
Be4 Qd7 16. Qa4 a6 17. Rfc1 b5 18. Qc2 Ne7 19. Bxh7+ Kh8 20. Be4 Rxc3 21. bxc3
Rc8 22. Be5 Bxe4 23. Qxe4 Qd5 24. Qg4 Ng6 25. Qh3+ Kg8 26. Bxf6 gxf6 27. Qh6 Qf5
28. Qe3 Nf4 29. Ne1 Qg5 30. Rc2 Nd5 31. Qd3 Qg6 32. Qf3 Kf8 33. g3 Rc4 34. h4
Ra4 35. h5 Qg5 36. Nd3 Rxa3 37. Kg2 Kg7 38. Nc5 f5 39. Qd1 b4 40. Qe1 Rxc3 41.
Rxc3 bxc3 42. Qe5+ Kh7 43. Nd7 c2 44. Nf8+ Kg8 45. Nxe6 fxe6 46. Qxe6+ Kh7 47.
Qf7+ Kh6 48. Qf8+ Qg7 49. Qc8 Nc7 0-1

[Event "Reykjavik Open 2015"]
[Site "Reykjavik ISL"]
[Date "2015.03.13"]
[Round "5.38"]
[White "Thorfinnsson, Bragi"]
[Black "Byron, Alan M"]
[Result "1-0"]
[WhiteTitle "IM"]
[WhiteElo "2429"]
[BlackElo "2172"]
[WhiteFideId "2300958"]
[BlackFideId "401773"]
[EventDate "2015.03.10"]

1. e4 e6 2. d4 d5 3. Nd2 dxe4 4. Nxe4 Be7 5. Nf3 Nf6 6. Bd3 Nbd7 7. O-O Nxe4 8.
Bxe4 Nf6 9. Bd3 O-O 10. c4 b6 11. Qe2 Bb7 12. Rd1 Qe8 13. b3 Rd8 14. Bb2 Nh5 15.
Qe3 g6 16. Re1 Bb4 17. Re2 Bd6 18. g3 f6 19. Be4 Bc8 20. Rae1 f5 21. Bc2 f4 22.
Qc3 fxg3 23. hxg3 Be7 24. Ne5 Bf6 25. Qe3 Bg7 26. Ba3 Bxe5 27. Qxe5 Rf7 28. d5
Ng7 29. Qg5 c5 30. Bb2 Qf8 31. dxe6 Nxe6 32. Rxe6 Bxe6 33. Qe5 Re7 34. Qh8+ Kf7
35. Qxh7+ Ke8 36. Qxg6+ Bf7 37. Qc6+ Rd7 38. Rxe7+ Qxe7 39. Bf6 Qe1+ 40. Kg2 Be6
41. Bg6+ 1-0

[Event "Reykjavik Open 2015"]
[Site "Reykjavik ISL"]
[Date "2015.03.13"]
[Round "5.40"]
[White "Weichelt, Jens"]
[Black "Norowitz, Yaacov"]
[Result "0-1"]
[BlackTitle "IM"]
[WhiteElo "2132"]
[BlackElo "2422"]
[WhiteFideId "4637771"]
[BlackFideId "2024799"]
[EventDate "2015.03.10"]

1. d4 Nf6 2. c4 e6 3. Nc3 Bb4 4. Qc2 Nc6 5. Nf3 d6 6. Bg5 h6 7. Bxf6 Qxf6 8. a3
Bxc3+ 9. Qxc3 O-O 10. e3 e5 11. dxe5 dxe5 12. Be2 a5 13. O-O a4 14. Bd3 Bf5 15.
Rfd1 Bxd3 16. Qxd3 Rfd8 17. Qc2 Qe6 18. Rxd8+ Rxd8 19. h3 e4 20. Nd4 Nxd4 21.
exd4 Rxd4 22. Qxa4 b6 23. b3 e3 24. fxe3 Qxe3+ 25. Kh1 Qe4 26. Qa6 Rd3 27. Qc8+
Kh7 28. Rf1 Rxb3 29. c5 Rxa3 30. Qxc7 Rxh3+ 31. Kg1 Qe3+ 32. Rf2 Qe1+ 33. Rf1
Rh1+ 34. Kxh1 Qxf1+ 35. Kh2 bxc5 36. Qxc5 Qf4+ 37. Kh1 f5 38. Qd5 h5 39. Qf7 Qg4
40. Qe6 h4 41. Qb3 Qe4 42. Qf7 Kh6 43. Qg8 Qe1+ 44. Kh2 Qe5+ 45. Kh1 g5 46. Qf8+
Kh5 47. Qf7+ Kg4 48. Qb3 Qe1+ 0-1

[Event "Reykjavik Open 2015"]
[Site "Reykjavik ISL"]
[Date "2015.03.13"]
[Round "5.41"]
[White "Hagen, Andreas Skytte"]
[Black "Hardarson, Jon Trausti"]
[Result "1-0"]
[WhiteTitle "IM"]
[WhiteElo "2412"]
[BlackElo "2170"]
[WhiteFideId "1407341"]
[BlackFideId "2302594"]
[EventDate "2015.03.10"]

1. c4 c5 2. g3 g6 3. Bg2 Bg7 4. Nc3 Nc6 5. Nf3 e6 6. d4 cxd4 7. Nb5 d5 8. cxd5
exd5 9. O-O Nge7 10. Bf4 O-O 11. Qd2 Nf5 12. g4 Nfe7 13. h3 Qb6 14. a4 Qa5 15.
Qxa5 Nxa5 16. Nc7 Be6 17. Nxa8 Rxa8 18. Be5 Nec6 19. Bxg7 Kxg7 20. Rad1 Nb3 21.
Rd3 Nc5 22. Ra3 d3 23. exd3 a5 24. Rc1 Na6 25. d4 Nab4 26. Re3 Rd8 27. Kh2 h6
28. Kg3 g5 29. Bf1 Rd6 30. Bd3 Kf6 31. Bb1 Rd8 32. Rd1 Rc8 33. h4 Na6 34. hxg5+
hxg5 35. Rh1 1-0

[Event "Reykjavik Open 2015"]
[Site "Reykjavik ISL"]
[Date "2015.03.13"]
[Round "5.42"]
[White "Tolhuizen, Ludo"]
[Black "Thorfinnsson, Bjorn"]
[Result "0-1"]
[BlackTitle "IM"]
[WhiteElo "2123"]
[BlackElo "2403"]
[WhiteFideId "1000802"]
[BlackFideId "2300982"]
[EventDate "2015.03.10"]

1. d4 f5 2. g3 Nf6 3. Bg2 e6 4. Nf3 Be7 5. O-O O-O 6. c4 d6 7. Nc3 Nc6 8. d5
exd5 9. cxd5 Ne5 10. Nd4 Bd7 11. f4 Neg4 12. e4 fxe4 13. Nxe4 Nxd5 14. Ng5 c6
15. Bxd5+ cxd5 16. Nge6 Qb6 17. Nxf8 Rxf8 18. Kg2 Bf6 19. Nb3 d4 20. f5 h5 21.
Rf4 Be5 22. Nxd4 Bxf4 23. gxf4 Rxf5 0-1

[Event "Reykjavik Open 2015"]
[Site "Reykjavik ISL"]
[Date "2015.03.13"]
[Round "5.43"]
[White "Foisor, Cristina-Adela"]
[Black "Sigeman, Johan"]
[Result "1-0"]
[WhiteTitle "IM"]
[WhiteElo "2394"]
[BlackElo "2123"]
[WhiteFideId "1200496"]
[BlackFideId "1705601"]
[EventDate "2015.03.10"]

1. g3 g6 2. Bg2 Bg7 3. d4 d5 4. Nf3 Nf6 5. O-O O-O 6. c4 c6 7. Nc3 dxc4 8. a4
Bf5 9. a5 Ne4 10. Qa4 Nxc3 11. bxc3 Be4 12. Qxc4 Qd5 13. Qa4 c5 14. Ba3 cxd4 15.
Bxe7 Rc8 16. cxd4 Nc6 17. Bc5 Nxd4 18. Bxd4 Rc4 19. Qa2 Bxf3 20. Bxf3 Qxd4 21.
Rad1 Ra4 22. Qc2 Qb4 23. Bxb7 Rf8 24. a6 Ra3 25. Rd7 Qb6 26. Qe4 h5 27. Rfd1 Ra1
28. Rxa1 Bxa1 29. Qc4 Qf6 30. Bd5 Bd4 31. Qxd4 1-0

[Event "Reykjavik Open 2015"]
[Site "Reykjavik ISL"]
[Date "2015.03.13"]
[Round "5.44"]
[White "L'Ami, Alina"]
[Black "Karlsson, Mikael Johann"]
[Result "1-0"]
[WhiteTitle "IM"]
[WhiteElo "2393"]
[BlackElo "2138"]
[WhiteFideId "1210246"]
[BlackFideId "2305194"]
[EventDate "2015.03.10"]

1. d4 f5 2. Nc3 Nf6 3. Bg5 e6 4. e4 fxe4 5. Nxe4 Be7 6. Bxf6 Bxf6 7. c3 Nc6 8.
Bd3 b6 9. Ne2 Qe7 10. Nf4 Qf7 11. d5 Ne5 12. dxe6 Nxd3+ 13. Qxd3 dxe6 14. Nxf6+
gxf6 15. Qe4 Rb8 16. Qa4+ Bd7 17. Qxa7 Rc8 18. Qa3 e5 19. Ne2 Bc6 20. O-O Ra8
21. Qb3 Bd5 22. Qb5+ Kf8 23. Rfd1 Ra5 24. Qb4+ Ke8 25. Ng3 h5 26. Qh4 Rg8 27. f3
Rg5 28. Rd2 Bc6 29. Rad1 Ra4 30. Ne4 Rg6 31. b3 Ra8 32. Kh1 Ke7 33. Ng3 Rg5 34.
Qb4+ Ke8 35. Ne4 Rg7 36. Rd6 Qg6 37. Re6+ 1-0

[Event "Reykjavik Open 2015"]
[Site "Reykjavik ISL"]
[Date "2015.03.13"]
[Round "5.45"]
[White "Thorsteinsson, Erlingur"]
[Black "Arngrimsson, Dagur"]
[Result "0-1"]
[BlackTitle "IM"]
[WhiteElo "2119"]
[BlackElo "2366"]
[WhiteFideId "2301091"]
[BlackFideId "2301288"]
[EventDate "2015.03.10"]

1. Nf3 d5 2. c4 Nf6 3. cxd5 Nxd5 4. e4 Nb6 5. d4 g6 6. Nc3 Bg7 7. Be3 O-O 8. Be2
Bg4 9. Ne5 Bxe2 10. Qxe2 N8d7 11. Nxd7 Qxd7 12. Rd1 f5 13. f3 fxe4 14. fxe4 e5
15. d5 c6 16. dxc6 Qxc6 17. Bf2 Rf7 18. O-O Qc4 19. Bxb6 Qxe2 20. Nxe2 Rxf1+ 21.
Kxf1 axb6 22. Nc3 Bf8 23. Rd7 Bc5 24. Ke1 Bb4 25. Ke2 Bxc3 26. bxc3 Rxa2+ 27.
Kf3 Rc2 28. Rxb7 Rxc3+ 29. Kg4 Re3 30. Rxb6 Rxe4+ 31. Kf3 Rf4+ 32. Ke3 Rh4 33.
h3 Kf7 34. Kf3 h6 35. Ra6 Rf4+ 36. Ke3 h5 37. g3 Rb4 38. Kf3 Rb3+ 39. Kf2 h4 40.
gxh4 Rxh3 41. Ra4 Kf6 42. Rg4 Rd3 43. Rg5 Rd4 44. Kg3 Rf4 45. Rg4 Rxg4+ 46. Kxg4
Ke6 47. Kg5 e4 0-1